LIBRARY & INFORMATION CENTRE, KCAET, TAVANUR

ONLINE PUBLIC ACCESS CATALOGUE (OPAC)

Malayala Bhashaadhyapakan (Record no. 16365)

MARC details
000 -LEADER
fixed length control field 00228nam a22000977a 4500
003 - CONTROL NUMBER IDENTIFIER
control field OSt
008 - FIXED-LENGTH DATA ELEMENTS--GENERAL INFORMATION
fixed length control field 201013b ||||| |||| 00| 0 eng d
100 ## - MAIN ENTRY--AUTHOR NAME
Personal name Parameswaran, Pillai
245 ## - TITLE STATEMENT
Title Malayala Bhashaadhyapakan
942 ## - ADDED ENTRY ELEMENTS (KOHA)
Koha item type Books
Holdings
Withdrawn status Lost status Damaged status Home library Current library Shelving location Date acquired Cost, normal purchase price Accession Number Koha item type
    Damaged KAUAET KAUAET Binding Shelf 13/10/2020 3.50 10232 Books
free website counter